| 000 | 00421nam a22001577a 4500 | ||
|---|---|---|---|
| 008 | 250404b |||||||| |||| 00| 0 eng d | ||
| 020 | _a9780323642958 | ||
| 050 |
_aRT120 _b.U73 |
||
| 100 | _aUrden Linda D. | ||
| 245 | _aCritical care nursing diagnosis and management | ||
| 250 | _a9th | ||
| 260 |
_aMissouri _bElsevier _c2020 |
||
| 300 | _axxi,1113p | ||
| 650 |
_aCritical care nursing _vEmergency nursing |
||
| 942 | _cBK | ||
| 999 |
_c2843 _d2843 |
||